Derecho civil y código civil

Saved in:
Bibliographic Details
Main Author: Rébora, Juan Carlos (Author)
Format: Book
Language:Spanish
Published: Buenos Aires EUDEBA 1960
Series:Temas de EUDEBA. Derecho
Subjects:
Tags: Add Tag
No Tags, Be the first to tag this record!

MARC

LEADER 00000nam a2200000 a 4500
001 UCS1740
003 CL-VaPUC
008 970515e19600000AG |||||||||||||||||spa|d
082 0 4 |a 346.82  |b REB  |2 21 
100 0 |a Rébora, Juan Carlos  |e author  |9 386473 
245 1 0 |a Derecho civil y código civil 
300 |a 237 p 
942 |c BK 
945 |d 19970515 00:00:00  |a paguirre 
260 |a Buenos Aires  |b EUDEBA  |c 1960 
650 0 |a Derecho civil  |9 255013 
650 0 |a Códigos  |9 352314 
650 7 |a LEY  |2 CL-VaPUC  |9 386474 
650 0 |a Derecho comparado  |9 255664 
651 0 |a Argentina  |9 254888 
583 |a last modification  |c 19970515 00:00:00  |k Rodrigo Vera 
490 0 |a Temas de EUDEBA. Derecho 
999 |c 259772  |d 259770 
952 |0 0  |1 0  |4 0  |6 346_820000000000000_REB_1960  |7 0  |8 A  |9 285087  |a BIBDER  |b BIBDER  |d 2019-11-19  |i 185044K  |o 346.82 REB 1960  |p 185044K  |r 2023-01-25  |w 2019-11-19  |y BK  |k DER